[Event "SUI-ch op"]
[Site "Leukerbad"]
[Date "2007.07.16"]
[Round "5"]
[White "Beney, Eddy"]
[Black "Trachsel, Peter"]
[Result "1-0"]
[WhiteElo "2163"]
[BlackElo "2027"]
[PlyCount "45"]
[EventDate "2007.07.12"]
[EventType "swiss"]
[EventRounds "9"]
[EventCountry "SUI"]
[SourceTitle "CBM 119 Extra"]
[Source "ChessBase"]
[SourceDate "2007.09.04"]
[SourceVersion "1"]
[SourceVersionDate "2007.09.04"]
[SourceQuality "1"]

1. e4 c6 2. d4 d5 3. Nd2 dxe4 4. Nxe4 Bf5 5. Ng3 Bg6 6. Nf3 Nd7 7. h4 h6 8. h5 Bh7 9. Bd3 Bxd3 10. Qxd3 e6 11. Bd2 Ngf6 12. 0-0-0 Be7 13. Kb1 0-0 14. Rhe1 Qc7 15. Nf5 exf5 16. Rxe7 Rae8 17. Rxe8 Rxe8 18. Qxf5 Ne4 19. Bf4 Qb6 20. Rd3 Ndf6 21. Be3 Nd5 22. Ne5 f6 23. Qxe4 1-0

[Event "Martigny op"]
[Site "Martigny"]
[Date "2005.07.31"]
[Round "4"]
[White "Beney, Eddy"]
[Black "Gsponer, Andre"]
[Result "1-0"]
[WhiteElo "2162"]
[BlackElo "1841"]
[PlyCount "37"]
[EventDate "2005.07.29"]
[EventType "swiss"]
[EventRounds "7"]
[EventCountry "SUI"]
[SourceTitle "CBM 107 Extra"]
[Source "ChessBase"]
[SourceDate "2005.09.01"]
[SourceVersion "1"]
[SourceVersionDate "2005.09.01"]
[SourceQuality "1"]

1. e4 b6 2. d4 Bb7 3. Nc3 e6 4. Nf3 Bb4 5. Bd3 Nf6 6. Qe2 d5 7. e5 Ne4 8. Bd2 Nxd2 9. Qxd2 Ba6 10. a3 Bxc3 11. Qxc3 Bxd3 12. Qxd3 0-0 13. h4 c5 14. Ng5 g6 15. f4 Kg7 16. h5 Rh8 17. 0-0-0 Qe7 18. hxg6 fxg6 19. Qh3 1-0